Faqie Ghani (Record no. 1747)
[ view plain ]
| 000 -LEADER | |
|---|---|
| fixed length control field | 00523nam a2200229 a 4500 |
| 020 ## - INTERNATIONAL STANDARD BOOK NUMBER | |
| ISBN | |
| 082 00 - DEWEY DECIMAL CLASSIFICATION NUMBER | |
| Classification number | 201 |
| Author Cutter | PEA2 |
| 100 ## - MAIN ENTRY--AUTHOR NAME | |
| Author name | Pearson, A |
| 245 ## - TITLE STATEMENT | |
| Title | Faqie Ghani |
| Sub title | Sarguzasht-E-George Miller |
| 260 ## - PUBLICATION, DISTRIBUTION, ETC. (IMPRINT) | |
| Place of publication | |
| Name of publisher | |
| Year of publication | 1904 |
| 300 ## - PHYSICAL DESCRIPTION | |
| Number of Pages | 210p |
| 500 ## - GENERAL NOTE | |
| General note | includes index and biblioraphy |
| 505 2# - FORMATTED CONTENTS NOTE | |
| Formatted contents note | Ill |
| 650 ## - SUBJECT ADDED ENTRY--TOPICAL TERM | |
| Topical Term | Christian-Biography |
| 942 ## - ADDED ENTRY ELEMENTS (KOHA) | |
| Koha item type | Books |
| Home library | Current library | Date acquired | Cost, normal purchase price | Full call number | Accession Number | Koha item type |
|---|---|---|---|---|---|---|
| Henry Martyn Institute Library | Henry Martyn Institute Library | 05/07/2008 | 100.00 | 201 PEA2 | 11-2933 | Archive Book |
